| 000 | 00883nam a2200217 a 4500 | ||
|---|---|---|---|
| 003 | AM-YeHGA | ||
| 040 | _aAM-YeHGA | ||
| 090 | _c434805 | ||
| 005 | 20250617155420.0 | ||
| 008 | 180914s1958 ru a||||r|||||001|||rus|| | ||
| 041 | 0 | _arus | |
| 100 | 1 | _aРябов, Николай Иванович | |
| 245 | 1 | 0 |
_aОчерки истории русского Дальнего Востока. XVII - начало XX в. / _cН.И. Рябов, канд. ист. наук, М.Г. Штейн, канд. ист. наук. |
| 260 |
_aХабаровск : _bКн. изд-во, _c1958. |
||
| 300 |
_a175 с. : _bил. ; _c21 см. |
||
| 504 | _aБиблиогр.: с. 170-174 | ||
| 650 | 1 | 4 | _aИстория России |
| 653 | 0 | _aДальний Восток СССР - История - 17-20 вв. | |
| 700 | 1 | _aШтейн, Моисей Григорьевич | |
| 942 |
_2udc _cBK |
||
| 999 |
_c432215 _d432215 |
||